01472nam a2200313 i 4500003000900000005001700009007000300026008004100029040003000070082001400100100004100114245006400155264003500219300004200254336002700296337003400323338002800357500007100385500004100456500005700497500007500554505019700629590002700826910001400853942001400867952012700881952013301008999001701141DO-SdBNP20240305132444.0ta110413s2004 dr a 000 0 spa d aDO-SdBNPbspacBNPHUerda bM917l2221 aMota Álvarez, Denis,d1952-91100710aLey de lemas : bo voto preferencial /cDenis Mota Alvarez  1aSanto Domingo :bGente,c2004. a157 páginas c21 cm.bilustraciones 2rdacontentatextobtxt 2rdamediaasin mediación bn 2rdacarrieravolumenbnc aIncluye datos biográficos del autor en la solapa de la portada.  aLegislaciones argentina y uruguaya.  aProyecto de ley que modifica la le electoral 275-97. aLos dimes y diretes delos actores políticos y sociales dominicanos. 2 tIntroducción --t¿Qué es la ley de lemas o voto preferencial? --tLeyes de lemas y/o voto preferencial --tProyecto de ley que reforma la ley electoral No. 275-97 --tDe dimes y diretes / aInventariado, 2023/ YL aYLockward 2ddccLBS1 00102ddc51708PDaBNPHUbBNPHUcCTd2022-10-25eDennis Motal0oBNPHU PD M917lp2023-6449r2023-09-27w2023-09-27yLBS1 00102ddc51708PDaBNPHUbBNPHUcCTd2022-10-25eDennis Motal0oBNPHU PD M917lp2023-6450r2023-09-27te. 2w2023-09-27yLBS1 c54957d54957